h1

h2

h3

h4

h5
h6
000956452 001__ 956452
000956452 005__ 20260130140028.0
000956452 0247_ $$2ISBN$$a978-3-658-37008-4
000956452 0247_ $$2ISBN$$a978-3-658-37009-1
000956452 0247_ $$2ISSN$$a2198-7432
000956452 0247_ $$2ISSN$$a2198-7440
000956452 0247_ $$2doi$$a10.1007/978-3-658-37009-1_19
000956452 037__ $$aRWTH-2023-04190
000956452 041__ $$aEnglish
000956452 1001_ $$0P:(DE-82)IDM05731$$aBürger, André$$b0$$urwth
000956452 1112_ $$a22. Internationales Stuttgarter Symposium Automobil- und Motorentechnik$$conline$$d2022-03-15 - 2022-03-16
000956452 245__ $$aModular fuel cell system test bench for the regional supplier industry$$honline, print
000956452 260__ $$aWiesbaden$$bSpringer Vieweg$$c2022
000956452 29510 $$a22. Internationales Stuttgarter Symposium Automobil- und Motorentechnik / Michael Bargende, Hans-Christian Reuss, Andreas Wagnern
000956452 300__ $$a272-281
000956452 3367_ $$033$$2EndNote$$aConference Paper
000956452 3367_ $$0PUB:(DE-HGF)7$$2PUB:(DE-HGF)$$aContribution to a book
000956452 3367_ $$0PUB:(DE-HGF)8$$2PUB:(DE-HGF)$$aContribution to a conference proceedings$$bcontrib$$mcontrib
000956452 3367_ $$2BibTeX$$aINPROCEEDINGS
000956452 3367_ $$2DRIVER$$aconferenceObject
000956452 3367_ $$2DataCite$$aOutput Types/Conference Paper
000956452 3367_ $$2ORCID$$aCONFERENCE_PAPER
000956452 4900_ $$aProceedings
000956452 588__ $$aDataset connected to CrossRef Book Series, Journals: publications.rwth-aachen.de
000956452 591__ $$aGermany
000956452 7001_ $$aAllmendinger, Frank$$b1$$eCorresponding author
000956452 7001_ $$aDegler, David$$b2
000956452 7001_ $$aJenne, Markus$$b3
000956452 7001_ $$aBittmann, Mark$$b4
000956452 7001_ $$aRoos, Sven$$b5
000956452 7001_ $$aScherer, Joachim$$b6
000956452 7001_ $$aKiupel, Thomas$$b7
000956452 909CO $$ooai:publications.rwth-aachen.de:956452$$pVDB
000956452 9101_ $$0I:(DE-588b)36225-6$$6P:(DE-82)IDM05731$$aRWTH Aachen$$b0$$kRWTH
000956452 9151_ $$0StatID:(DE-HGF)0041$$2StatID$$aPeer review status of article unknown$$x0
000956452 9201_ $$0I:(DE-82)412310_20140620$$k412310$$lLehrstuhl für Thermodynamik mobiler Energiewandlungssysteme und Institut für Thermodynamik$$x0
000956452 961__ $$c2023-04-19T13:46:18.297725$$x2023-04-19T13:46:18.297725$$z2023-04-19
000956452 980__ $$aI:(DE-82)412310_20140620
000956452 980__ $$aUNRESTRICTED
000956452 980__ $$aVDB
000956452 980__ $$acontb
000956452 980__ $$acontrib